000
00318nam a2200133Ia 4500
008
191201s2005 xx 000 0 und d
100
_a
YMCA
245
0
_a
Books of Rules of Games and Sports
250
_a
26th
260
_a
N.Delhi
_b
Sammy Printer
_c
2005
300
_a
801
650
_a
General Books
942
_2
ddc
_c
BK
999
_c
2468
_d
2468